000 00327nam a22001337a 4500
008 170307b xxu||||| |||| 00| 0 eng d
020 _a2900803623902
041 _aeng
080 _23RD
_a611
100 _a6
101 _aSHM
245 _aLABORATORY MANUAL OF CLINICAL KINESIOLOGY AND ANATOMY
_cLIPPERT, L.S
942 _2udc
_cBK
999 _c6948
_d6948